Loreto College Library, Kolkata
WEBOPAC (ONLINE PUBLIC ACCESS CATALOGUE)

Archaelogical discoveries from Murshidabad district (Record no. 2672)

MARC details
000 -LEADER
fixed length control field 00612nam a2200229Ia 4500
005 - DATE AND TIME OF LATEST TRANSACTION
control field 20220813110635.0
008 - FIXED-LENGTH DATA ELEMENTS--GENERAL INFORMATION
fixed length control field 131103s9999 xx 000 0 und d
020 ## - ISBN | অাই এস বি এন
PRICE Rs.20.00
040 ## - CATALOGING SOURCE
Original cataloging agency Loreto College
041 ## - LANGUAGE CODE
Language code English
082 ## - DDC | ডিউই
Classification number | বর্গসংখ্যা 571
Book Number | গ্রন্থাঙ্ক DAS
100 ## - MAIN ENTRY--PERSONAL NAME | মুখ্য সংলেখ - ব্যাক্তিনাম
Personal name | ব্যাক্তিনাম Das,Sudhir Ranjan
245 ## - TITLE STATEMENT | অাখ্যা বিবরণী
Title | অাখ্যা Archaelogical discoveries from Murshidabad district
Statement of responsibility | লেখকের দায়িত্বের বিবরণ Sudhir Ranjan Das
260 ## - IMPRINT | প্রকাশনা ক্ষেত্র
Place of publication | প্রকাশ স্থান Calcutta
Name of publisher | প্রকাশকের নাম The Asiatic Society
Date of publication | প্রকাশ কাল 1971
300 ## - PHYSICAL DESCRIPTION |
Page / Vol. No | পৃষ্ঠা / খন্ড সংখ্যা 70p.
Other physical details | অনান্য বাহ্যিক বিবরণ ill.photos
504 ## - BIBLIOGRAPHY, ETC. NOTE
Bibliography, etc Includesreferences and index
630 ## - SUBJECT ADDED ENTRY--UNIFORM TITLE
Uniform title India-History
650 ## - SUBJECT ADDED ENTRY--TOPICAL TERM | বিষয় শিরোনাম - মূল বিষয়
Topical term | মূল বিষয় History
651 ## - SUBJECT ADDED ENTRY--GEOGRAPHIC NAME | বিষয় শিরোনাম - ভৌগলিক নাম
Geographic name | ভৌগলিক বিষয় History
850 ## - HOLDING INSTITUTION
Holding institution LCLIB
942 ## - ADDED ENTRY ELEMENTS (KOHA)
Koha item type Books
Holdings
Withdrawn status Lost status Source of classification Damaged status Not for loan Home library Current library Date acquired Total Checkouts Full call number Accession No. Date last seen Price effective from Koha item type Coded location qualifier
    Dewey Decimal Classification     Loreto College Loreto College 04/11/2013   571 DAS 28071 B2532 04/11/2013 04/11/2013 Books